Statistics for Minecraft Biomes

Click here to take the quiz!

General Stats

  • This quiz has been taken 222 times
    (119 since last reset)
  • The average score is 15 of 47

Answer Stats

Biome% Correct
Plains
79%
Desert
77%
Forest
74%
Jungle
65%
Badlands
60%
Taiga
57%
Birch Forest
56%
Swamp
52%
Mountains
49%
Savanna
48%
Warped Forest
45%
Soul Sand Valley
44%
Dark Forest
44%
Crimson Forest
39%
Mushroom Fields
35%
Beach
35%
Snowy Tundra
34%
Snowy Taiga
34%
Cold Ocean
32%
River
31%
Warm Ocean
31%
Snowy Mountains
29%
Giant Tree Taiga
27%
Nether Wastes
27%
Desert Hills
26%
Lukewarm Ocean
25%
Basalt Deltas
25%
Jungle Hills
22%
Jungle Edge
22%
Badlands Plateau
21%
Deep Frozen Ocean
21%
Taiga Hills
18%
Savanna Plateau
17%
Wooded Hills
17%
Birch Forest Hills
16%
Deep Lukewarm Ocean
16%
Wooded Mountains
13%
Mushroom Field Shore
13%
Bamboo Jungle
13%
Stone Shore
13%
Snowy Taiga Hills
13%
Frozen River
13%
Deep Cold Ocean
13%
Snowy Beach
12%
Giant Tree Taiga Hills
10%
Wooded Badlands Plateau
8%
Bamboo Jungle Hills
8%

Score Distribution

Percentile by Number Answered

Percent of People with Each Score

Your Score History

You have not taken this quiz since the last reset